Communes de l'Aude (11) de plus de 10000 habitants - Statistiques

Statistiques générales
  • Ce quiz a été pris 74 fois
  • Le résultat moyen est 4 sur 5
Statistiques - réponses
Habitants Commune % Correct
56692 Narbonne
100%
46429 (préfecture) Carcassonne
98%
10339 Limoux
70%
12212 Castelnaudary
68%
10855 Lézignan-Corbières
53%
Aucun quiz correspondant
Distribution des résultats
% des personnes avec chaque résultat
Percentile par nombre de réponses
Votre historique - résultats
Vous n’avez pas pris ce quiz